00558nam a22001817a 450000500170000000800410001702000270005804000090008504100120009408200170010610000210012324501350014425000080027926000270028730000080031465000330032270000210035520260515164006.0260515b |||||||| |||| 00| 0 eng d a9789332518414c1380.00 aMAIN aEnglish a410.285bJUR aJurafsky, Daniel aSpeech and language processing b: An Introduction to Natural Language Processing Computational Linguistics and Speech Recognition a2nd aNoida bPearson c2025 a940 aComputer Science (PM (USHA)  aMartin, James H.